000 00581nmm a2200229 a 4500
003 AR-BaBNM
005 20251128205323.0
008 011101s1996 ||||||||||||||000 | spa||
020 _a0-19-435600-0
040 _cAR-BaBNM
100 1 _aWhitney, Norman
245 1 0 _aOpen doors
_bstudent's book. 1
260 _aOxford
_bOxford University Press
_c1996
300 0 _a118 p.
_bil.
650 4 _aENSENANZA DE IDIOMAS
650 4 _aINGLES
650 4 _aLENGUA EXTRANJERA
650 4 _aACTIVIDADES DE APRENDIZAJE
650 4 _aLIBROS DE TEXTO
942 _cBK
998 _cmau
999 _c10909
_d10909